| 000 | 00595nam a22001937a 4500 | ||
|---|---|---|---|
| 003 | OSt | ||
| 005 | 20140310183013.0 | ||
| 008 | 130211t xxu||||| |||| 00| 0 eng d | ||
| 020 | _a9789715506250 | ||
| 050 |
_aPN 1995.9.F36 _b.L628 2011 |
||
| 100 | _aLim, Bliss Cua | ||
| 245 |
_aTranslating time : _bcinema, the fantastic, and temporal critique / _cBliss Cua Lim. |
||
| 260 |
_aQuezon City : _bAteneo de Manila University Press, _c2011. |
||
| 300 |
_a345 p. : _c25 cm. _bill. ; |
||
| 521 | _aMC | ||
| 650 |
_afantasy films _xHistory and criticism |
||
| 942 |
_2lcc _cBK _kLOC |
||
| 999 |
_c18265 _d18265 |
||